Twenty One Pilots - Vessel Lyrics Quiz - Statistics

General Stats
  • This quiz has been taken 249 times
  • The average score is 8 of 12
Answer Stats
Lyrics Song % Correct
My lungs will fill and then deflate Car Radio
100%
'Cause somebody stole my car radio Car Radio
100%
And now I just sit in silence Car Radio
100%
I find it hard to hide it, my pride is no longer inside Car Radio
100%
It's on my sleeve, my skin will scream Car Radio
100%
Reminding me of who I killed inside my dream Car Radio
100%
I hate this car that I'm driving, there's no hiding for me Car Radio
100%
There is no distraction to mask what is real Car Radio
100%
I ponder of something terrifying Car Radio
100%
Oh my, too deep, please stop thinking Car Radio
100%
Peace will win and fear will lose Car Radio
100%
We need to pick one please because Car Radio
100%
Faith is to be awake and to be awake is for us to think Car Radio
100%
You say I'm not alone, but I am petrified Fake You Out
100%
And I'll fake you out Fake You Out
100%
What kids are doing, they're killing themselves Fake You Out
100%
Before you walk away, there's one more thing I want to say Fake You Out
100%
That you all have guns Guns for Hands
100%
But I can't, but I can't when you all have Guns for Hands
100%
Together, let's breathe Guns for Hands
100%
But there's hope out the window Guns for Hands
100%
I'm taking over my body, back in control, no more "shotty" Holding On To You
100%
And now that I write and think about it and the story unfolds Holding On To You
100%
And I'll be holding on to you Holding On To You
100%
You think twice about your life, it probably happens at night, right? Holding On To You
100%
Fight it, take the pain, ignite it Holding On To You
100%
Will you buy me a house of gold? House of Gold
100%
Lived ever after happily House of Gold
100%
I've got a migraine Migraine
100%
Thunderstorms, clouds, snow, and a slight drizzle Migraine
100%
Sometimes death seems better than the migraine in my head Migraine
100%
That's represented best by my depressing thoughts Migraine
100%
Me for yelling, I'm telling you green gardens Migraine
100%
And how it is a door that holds back contents Migraine
100%
I did not know it was such a violent island Migraine
100%
And I know that I can fight, or I can let the lion win Migraine
100%
I begin to assemble what weapons I can find Migraine
100%
'Cause sometimes to stay alive, you gotta kill your mind Migraine
100%
I'll stay awake Ode To Sleep
100%
Why am I not scared in the morning? Ode To Sleep
100%
'Cause you're the only one who knows it Screen
100%
Don't know why I think I could lie Screen
100%
Am I painting the picture that's in my brain? Screen
100%
Who have a really tough time getting through this life Screen
100%
I'm never what I like Semi-Automatic
100%
I'm semi-automatic Semi-Automatic
100%
Don't wanna call you in the nighttime The Run and Go
100%
Don't wanna hand you all my trouble The Run and Go
100%
Silent in the trees Trees
100%
And that's where I am Trees
100%
The sun will rise and we will try again Truce
100%
'Cause this time there's no sound to hide behind Car Radio
90%
I'll cure you of disease House of Gold
89%
'Cause there's a screen on my chest Screen
89%
I know where you stand Trees
89%
Sometimes quiet is violent Car Radio
88%
And I will try with every rhyme Car Radio
88%
And I'll break down Fake You Out
88%
Sounding down the mountain range of my left-side brain Holding On To You
88%
I'll put you on the map House of Gold
88%
I will plan to be a bum House of Gold
88%
My prayer's schizophrenic Semi-Automatic
88%
I am on the run and go The Run and Go
88%
I know what you think in the morning Guns for Hands
86%
And you swear to your parents Guns for Hands
86%
We've turned our hands to guns Guns for Hands
86%
It's obviously best for them to turn their guns to a fist Guns for Hands
86%
Remember the moment you know exactly where you're goin' Holding On To You
86%
It's me defending in suspense, it's me suspended in a defenseless test Migraine
86%
But I know, we've made it this far, kid Migraine
86%
My mind ship-wrecked, this is the only land my mind could find Migraine
86%
And I will say that we should take a moment and hold it Migraine
86%
Why it's got to be like this, is this living free? Ode To Sleep
86%
Metaphorically, I'm a whore, and that's denial number four Ode To Sleep
86%
He leaves a lot, his name is Hope Semi-Automatic
86%
Oh dear, I don't know if we know why we're here Car Radio
83%
To let you know you need to try to think Car Radio
83%
And my pain will range from up, down, and sideways Migraine
83%
Thank God it's Friday 'cause Fridays will always be better than Sundays Migraine
83%
The Earth turns, from sanity Semi-Automatic
83%
I could pull the steering wheel Car Radio
82%
One thing consists of consistence Car Radio
82%
Let's take this one song, this one rhyme Guns for Hands
82%
And when your father turns to stone House of Gold
82%
To replace that slot with what I once bought Car Radio
80%
There are things we can do Car Radio
80%
And for us to think is to be alive Car Radio
80%
I'll never be, be what you see inside Fake You Out
80%
And I'll fake Fake You Out
80%
I'm so afraid of what you have to say Fake You Out
80%
I don't give these places fake my name explaining this Fake You Out
80%
That remind me of all the times Fake You Out
80%
I'll fake you out Fake You Out
80%
It shows where your mind has gone Guns for Hands
80%
Let's say we up and left this town House of Gold
80%
'Cause Sundays are my suicide days Migraine
80%
Some see a pen, I see a harpoon Ode To Sleep
80%
I swear I heard demons yelling Ode To Sleep
80%
Those crazy words they were spelling Ode To Sleep
80%
They told me I was gone Ode To Sleep
80%
On the eve of a day that's forgotten and fake Ode To Sleep
80%
In front of you and hide my soul Screen
80%
I can't see past my own nose Screen
80%
We're broken Screen
80%
Taking my only friend I know Semi-Automatic
80%
Stay alive for me Truce
80%
'Cause the dark's not taking prisoners tonight Ode To Sleep
79%
But from the things that work there are only two Car Radio
78%
Together, to the beat Guns for Hands
78%
Will you take care of me? House of Gold
78%
I don't know why they always seem so dismal Migraine
78%
Being tested by a ruthless examinant Migraine
78%
To rip my heart apart and start planning my crash landing Ode To Sleep
78%
Then I feel my soul start leaving like an old man's hair receding Ode To Sleep
78%
I must have kicked them out Ode To Sleep
78%
I want to see Trees
78%
And tie it to a tree tell it, "You belong to me this ain't a noose, this is a leash" Holding On To You
77%
Take this weapon forged in darkness Ode To Sleep
77%
They fill with fire, exhale desire Car Radio
75%
I'm forced to deal with what I feel Car Radio
75%
I have committed dirty, dirty crimes that are perfectly form-fitted Fake You Out
75%
To take it, to take it, don't take it, take it, take it Guns for Hands
75%
I must forewarn you of my disorder, or my condition Guns for Hands
75%
Interested in putting my fingers to my head Guns for Hands
75%
I fought it a lot and it seems a lot like flesh is all I got Holding On To You
75%
You should take my life, you should take my soul Holding On To You
75%
'Cause the next moment before you know it Holding On To You
75%
I will make you queen of everything you see House of Gold
75%
Shadows will scream that I'm alone Migraine
75%
Are not what's growing in my psyche, it's a different me Migraine
75%
That makes Pandora's box contents look non-violent Migraine
75%
Behind my eyelids are islands of violence Migraine
75%
I wake up fine and dandy but then by the time I find it handy Ode To Sleep
75%
I go up, up, up, up, up to the ceiling Ode To Sleep
75%
As the trees, they await, and clouds anticipate Ode To Sleep
75%
I'm standing in front of you Screen
75%
I'm trying to be so cool Screen
75%
Just like a vertical locomotive, that's a train Screen
75%
I'm double-sided Semi-Automatic
75%
And the silver lining rides the hills Semi-Automatic
75%
Don't wanna give you all my pieces The Run and Go
75%
And there's faith and there's sleep Car Radio
73%
I must've forgot, you can't trust me Holding On To You
73%
You are surrounding, all my surroundings Holding On To You
73%
In the night, headlights call my name Fake You Out
71%
It ain't the speakers that bump hearts, it's our hearts that make the beat Holding On To You
71%
She asked me, son, when I grow old House of Gold
71%
And turned our future upside down House of Gold
71%
Full of tidal waves, suicidal crazed lions Migraine
71%
And keep it frozen and know that life has a hopeful undertone Migraine
71%
I'm pleading, "Please, oh please!" on my knees repeatedly asking Ode To Sleep
71%
Everything together trying to be so cool Screen
71%
By the time the night wears off Semi-Automatic
71%
Why won't You speak Trees
71%
Where I happen to be Trees
71%
You will die Truce
71%
Twisting the kaleidoscope behind both of my eyes Holding On To You
70%
It will not let me sleep, I guess I'll sleep when I'm dead Migraine
70%
Hello Trees
70%
I do not have writer's block, my writer just hates the clock Migraine
69%
I ponder of something great Car Radio
67%
I know it's dire, my time today Car Radio
67%
I have these thoughts so often, I ought Car Radio
67%
I find over the course of our human existence Car Radio
67%
And from the two that we choose to do Car Radio
67%
I want to drive away Fake You Out
67%
And I'll break Fake You Out
67%
To what I've done and what I'm doing Fake You Out
67%
And believe me, that's what all the kids are doing Fake You Out
67%
And shows what you have done Guns for Hands
67%
"T"'s uncrossed and "I"'s undotted Holding On To You
67%
Lyrics that mean nothin', we were gifted with thought Holding On To You
67%
Is it time to move our feet, to an introspective beat? Holding On To You
67%
And since we know that dreams are dead House of Gold
67%
And life turns plans up on their head House of Gold
67%
Freeze frame, please let me paint a mental picture portrait Migraine
67%
I don't hear those voices calling Ode To Sleep
67%
I will set my soul on fire, what have I become? Ode To Sleep
67%
Same amount that I denied, I three-time MVP'd this crime Ode To Sleep
67%
I'm afraid to tell you who I adore, won't tell you who I'm singing towards Ode To Sleep
67%
I do not know why I would go Screen
67%
I'm seeing everything in slo-mo Screen
67%
A train from the sky, locomotive, my motives are insane Screen
67%
We're broken people Screen
67%
My shadow grows taller along with my fears Semi-Automatic
67%
I can feel Your breath Trees
67%
Stay alive Truce
67%
But now your life is free Truce
67%
You just feel twice as far, you just feel twice as far Fake You Out
64%
A difficult beast feasting on burnt down trees Migraine
64%
Cold nights under siege from accusations The Run and Go
64%
I'm trying, I'm trying to sleep Guns for Hands
63%
Lean with it, rock with it, when we gonna stop with it? Holding On To You
63%
But I'll tell 'em, "Why won't you let me go?" Ode To Sleep
63%
Do I threaten all your plans? I'm insignificant Ode To Sleep
63%
And the trees wave their arms and the clouds try to plead Ode To Sleep
63%
'Cause when the sun sets it upsets what's left of my invested interest Guns for Hands
60%
Not any more, flesh out the door, SWAT! Holding On To You
60%
I'm open a moment and closed when you show it Holding On To You
60%
And the windowsill looks really nice, right? Holding On To You
60%
Am I the only one I know Migraine
60%
Waging my wars behind my face and above my throat? Migraine
60%
I am not as fine as I seem, pardon Migraine
60%
The start of a day when we put on our face Ode To Sleep
60%
I'm not free, I asked forgiveness three times Ode To Sleep
60%
And I will hide behind my pride Screen
60%
Night falls, with gravity Semi-Automatic
60%
I kinda like it when I make you cry Semi-Automatic
60%
'Cause I'm twisted up, I'm twisted up, inside Semi-Automatic
60%
Until the sun makes the hills its grave Semi-Automatic
60%
I can't take them on my own The Run and Go
60%
From several rooms away The Run and Go
60%
I want to know You Trees
60%
I want to say Trees
60%
I'm brewing and losing and spewing and fusing Fake You Out
57%
They feel they have no control of their prisoner cell Fake You Out
57%
And if you're one of them, then you're one of me Fake You Out
57%
When the sun shines on the ground Guns for Hands
57%
Tie a noose around your mind, loose enough to breathe fine Holding On To You
57%
And I have news for you, you must obey me Holding On To You
57%
And I will say that we should take a day to break away Migraine
57%
So excuse us while we sing to the sky Screen
57%
I have killed a man and all I know is The Run and Go
57%
Take pride in what is sure to die Truce
57%
Time is slowin' and it's frozen still Holding On To You
56%
Entertain my faith Holding On To You
56%
Who know if I flow on a song, I'll get no radio play Screen
56%
And I just can't hide Semi-Automatic
56%
Waiting for the night's return Semi-Automatic
56%
Standing cowardly Trees
56%
Please tell 'em, you have no plans for me Ode To Sleep
54%
I liked it better when my car had sound Car Radio
50%
It's the same game today as it always is Fake You Out
50%
And the wrists of my mind have the bleeding lines Fake You Out
50%
Our brains are sick but that's okay Fake You Out
50%
So that's where we'll go Guns for Hands
50%
The solution is, I see a whole room of these mutant kids Guns for Hands
50%
Simply suggest my chest and this confused music Guns for Hands
50%
So I just might become someone House of Gold
50%
Whether it's the weather or the letters by my bed Migraine
50%
Let it be said what the headache represents Migraine
50%
Something you won't forget, it's all about my forehead Migraine
50%
A mask that portrays that we don't need grace Ode To Sleep
50%
Then we move on Semi-Automatic
50%
But I'll live on, yeah I'll live on Semi-Automatic
50%
The dust is down and shadows burn Semi-Automatic
50%
But tonight, I'll need you to stay The Run and Go
50%
I am up against the wall The Run and Go
50%
I can feel my death Trees
50%
I hope I'm not my only friend Truce
50%
We'll make pretend that you and me House of Gold
45%
You say that you are close, is close the closest star? Fake You Out
44%
Traded our thumbs for ammunition Guns for Hands
44%
I bet a lot of me was lost Holding On To You
44%
But we open our eyes 'cause we're told that we must Ode To Sleep
44%
And my frame shrinks smaller as night grows near Semi-Automatic
44%
Now the night is coming to an end Truce
44%
And it's that we're all battling fear Car Radio
43%
But until then you'll never understand Guns for Hands
43%
Fused at the wrist, I simply tell them they should shoot at this Guns for Hands
43%
Let's go outside and all join hands Guns for Hands
40%
They're trying to eat me, blood running down their chin Migraine
40%
I don't wanna be the one, be the one who has the Sun's blood on my hands Ode To Sleep
40%
The horrors of the night melt away Semi-Automatic
40%
And I'll fall Fake You Out
38%
Desperately yelling, "There's something we need!" Ode To Sleep
38%
When the sun is climbing window sills Semi-Automatic
38%
Of course I am, convince me otherwise would take all night Fake You Out
33%
And you never put the safety on Guns for Hands
33%
From all the pain our brain has made, the game is not played alone Migraine
33%
I'll tell the moon Ode To Sleep
33%
While you're doing fine, there's some people and I Screen
33%
Under the warm glow of survival of the day Semi-Automatic
33%
I will be saved for one whole day Semi-Automatic
33%
Pa, I'm not the one you know The Run and Go
33%
Pa, I hear them coming down the hall The Run and Go
33%
I will fear the night again Truce
33%
On the eve of a day that is bigger than us Ode To Sleep
30%
You'll have to watch me struggle The Run and Go
30%
My flow's not great, okay, I conversate with people Screen
29%
And I'll fall down Fake You Out
25%
And you would do almost anything just to feel free Fake You Out
25%
That it will never happen again Guns for Hands
25%
Let's take this a second at a time Guns for Hands
25%
Look out below crashing down to the ground Screen
25%
Don't wanna give you all my demons The Run and Go
25%
Cerebral thunder and one-way conversations The Run and Go
25%
To come across like I am dying Car Radio
20%
Yeah, am I right? Fake You Out
20%
'Cause I am quiet now and silence gives you space Fake You Out
14%
I will rise and stand my ground Semi-Automatic
14%
Before you know it, I'm lost at sea Holding On To You
13%
No matching quizzes found
Score Distribution
Percent of People with Each Score
Percentile by Number Answered
Your Score History
You have not taken this quiz